LEADER 04577nam 2200721 a 450 001 9910788254303321 005 20230126211350.0 010 $a1-62895-163-X 010 $a1-60917-324-4 010 $a1-61000-000-5 035 $a(CKB)3170000000046054 035 $a(EBL)1672296 035 $a(SSID)ssj0000581976 035 $a(PQKBManifestationID)11372502 035 $a(PQKBTitleCode)TC0000581976 035 $a(PQKBWorkID)10537624 035 $a(PQKB)10755138 035 $a(MiAaPQ)EBC3338253 035 $a(OCoLC)794293213 035 $a(MdBmJHUP)muse17435 035 $a(Au-PeEL)EBL3338253 035 $a(CaPaEBR)ebr10554586 035 $a(EXLCZ)993170000000046054 100 $a20110915d2012 uy 0 101 0 $aeng 135 $aur|n|---||||| 181 $ctxt$2rdacontent 182 $cc$2rdamedia 183 $acr$2dacontent 200 00$aAfro-descendants, identity, and the struggle for development in the Americas$b[electronic resource] /$fedited by Bernd Reiter and Kimberly Eison Simmons 210 $aEast Lansing $cMichigan State University Press$dc2012 215 $a1 online resource 225 1 $aRuth Simms Hamilton African diaspora series 300 $aDescription based upon print version of record. 311 $a1-61186-040-7 320 $aIncludes bibliographical references. 327 $aBuilding black diaspora networks and meshworks for knowledge, justice, peace, and human rights / Faye V. Harrison -- Pan-Afro-Latin African Americanism revisited : legacies and lessons for transnational alliances in the new millennium / Darie?n J. Davis, Tianna S. Paschel, and Judith A. Morrison -- Haitians in the Dominican Republic : race, politics, and neoliberalism / Lauren Derby -- Navigating the racial terrain : blackness and mixedness in the United States and the Dominican Republic / Kimberly Eison Simmons -- Negotiating blackness within the multicultural state in Latin America : creole politics and identity in Nicaragua / Juliet Hooker -- Ethnic identity and political mobilization : the Afro-Colombian case / Leonardo Reales -- The grammar of color identity in Brazil / Seth Racusen -- Afro-Colombian welfare : an application of Amartya Sen's capability approach using multiple indicators multiple causes modeling (MIMIC) / Paula A. Lezama -- Racism in a racialized democracy and support for affirmative action policy in Salvador and Sa?o Paulo, Brazil / Gladys Mitchell-Walthour -- Afro-descendant peoples and public policies : the network of Afro-Latin American and Afro-Caribbean women / Altagracia Balca?cer Molina and Dorotea Wilson -- Decolonizing the imaging of African-derived religions / Amanda D. Concha-Holmes -- Neoliberal dilemmas : diaspora, displacement, and development in Buenos Aires / Judith M. Anderson -- Pluralizing race / Mamyrah A. Douge?-Prosper. 330 $aIndigenous people and African descendants in Latin America and the Caribbean have long been affected by a social hierarchy established by elites, through which some groups were racialized and others were normalized. Far from being "racial paradises" populated by an amalgamated "cosmic race" of mulattos and mestizos, Latin America and the Caribbean have long been sites of shifting exploitative strategies and ideologies, ranging from scientific racism and eugenics to the more sophisticated official denial of racism and ethnic difference. This book, among the first to focus on African 410 0$aRuth Simms Hamilton African diaspora series. 606 $aBlack people$xRace identity$zLatin America 606 $aRacially mixed people$xRace identity$zLatin America 606 $aAfrican Americans$xRace identity 606 $aRacially mixed people$xRace identity$zUnited States 606 $aSocial integration$zLatin America 606 $aSocial integration$zUnited States 607 $aLatin America$xRace relations 607 $aUnited States$xRace relations 615 0$aBlack people$xRace identity 615 0$aRacially mixed people$xRace identity 615 0$aAfrican Americans$xRace identity. 615 0$aRacially mixed people$xRace identity 615 0$aSocial integration 615 0$aSocial integration 676 $a305.80098 701 $aReiter$b Bernd$f1968-$01489405 701 $aSimmons$b Kimberly Eison$01576986 801 0$bMiAaPQ 801 1$bMiAaPQ 801 2$bMiAaPQ 906 $aBOOK 912 $a9910788254303321 996 $aAfro-descendants, identity, and the struggle for development in the Americas$93855160 997 $aUNINA LEADER 02596nam 2200565Ia 450 001 9910790524903321 005 20230721010929.0 010 $a0-8070-7324-5 035 $a(CKB)2550000001129677 035 $a(OCoLC)547487312 035 $a(CaPaEBR)ebrary10340977 035 $a(SSID)ssj0000335602 035 $a(PQKBManifestationID)11929238 035 $a(PQKBTitleCode)TC0000335602 035 $a(PQKBWorkID)10277970 035 $a(PQKB)11289111 035 $a(MiAaPQ)EBC3118067 035 $a(MiAaPQ)EBC6076635 035 $a(Au-PeEL)EBL3118067 035 $a(CaPaEBR)ebr10340977 035 $a(CaONFJC)MIL487536 035 $a(OCoLC)922967655 035 $a(Au-PeEL)EBL6076635 035 $a(EXLCZ)992550000001129677 100 $a20090505d2009 uy 0 101 0 $aeng 135 $aurcn||||||||| 181 $ctxt 182 $cc 183 $acr 200 14$aThe cathedral of the world$b[electronic resource] $ea universalist theology /$fForrest Church 210 $aBoston, Mass. $cBeacon Press$d2009 215 $a1 online resource (213 p.) 300 $aBibliographic Level Mode of Issuance: Monograph 311 $a0-8070-7323-7 311 $a1-299-56286-8 327 $aInvocation: The cathedral of the world -- Book I: God and other famous liberals -- The greatest liberal of them all -- Mother God -- Book II: The American creed -- The role of religion in American democracy -- The American creed -- What would Jefferson and Adams do? -- America's promise -- From nationalism to patriotism -- Book III: A liberal pulpit -- The presidential pulpit and religious politics -- The commonwealth of God -- Fear and terror -- Shall we overcome? -- World Peace 2000 -- Choose life -- Choose your enemies carefully -- Religion and the body politic -- Book IV: Universalism for the 21st century -- The search for meaning -- The church of the future in light of the past -- Universalism for the twenty-first century -- Emerson's shadow -- There is no hell -- The seven deadly virtues -- Home after dark -- At home in the universe -- Book V: Love after death -- Love and death -- Love's tribunal. 606 $aLiberalism (Religion) 606 $aUnitarian Universalist churches$xDoctrines 615 0$aLiberalism (Religion) 615 0$aUnitarian Universalist churches$xDoctrines. 676 $a230/.9132 700 $aChurch$b F. Forrester$01498294 801 0$bMiAaPQ 801 1$bMiAaPQ 801 2$bMiAaPQ 906 $aBOOK 912 $a9910790524903321 996 $aThe cathedral of the world$93749257 997 $aUNINA